| 000 | 00666nam a2200241 a 4500 | ||
|---|---|---|---|
| 999 |
_c639 _d639 |
||
| 008 | 190930s2002 ii ||||g |||| 001 0 eng d | ||
| 020 |
_a9780143029823 _cRs. 160.00 |
||
| 040 |
_aKO _beng |
||
| 041 | 0 | _aeng | |
| 044 | _aii | ||
| 082 | 0 | 4 |
_223 _a923.1 _bAb324 |
| 100 | 1 | _aAbdul Kalam, A. P. J. | |
| 245 | 1 | 0 |
_aIgnited Minds : _bUnleashing the Power within India / _cA. P. J. Abdul Kalam |
| 260 |
_aNew Delhi : _bPenguin Books, _c2002 |
||
| 300 |
_axviii, 205 p. ; _c17.5 cm. |
||
| 504 | _aIndex present. | ||
| 600 | 1 | _aAbdul Kalam, A. P. J. | |
| 650 | 0 |
_aPatriotism _zIndia |
|
| 650 | 0 | _aMotivation (Psychology) | |
| 904 | _aS_JOY | ||
| 942 | _cBK | ||